00536nam a2200181 a 45000010010000000030011000100080041000210350026000620820015000881000020001032450029001232600053001526500011002059420012002169520091002289980020003199990015003390000-9219ELIB.Books110520 2005  a(ELIB.Books)0000-9371 aB.Th bSil aSilver Moo, Naw aWays of Christian Living bInsein: Karen Baptist Theolgical Seminary c2005 aThesis 2ddccBK 00102ddc4070aKBTSbKBTSd2011-05-20l0p30214r2022-01-22 00:00:00w2022-01-22yBK cbate2011-05-20 c9219d9219